Countries Closest to DR Congo with an empty map - Statistics

General Stats
  • This quiz has been taken 202 times
  • The average score is 15 of 20
Answers on the Map
Answers color-coded by a green-red scale on the quiz's map according to % correct below.
 
Answer Stats
country % Correct
Central African Republic
91%
Angola
88%
Congo
88%
Uganda
86%
Tanzania
85%
Zambia
84%
Rwanda
83%
South Sudan
83%
Burundi
81%
Gabon
81%
Kenya
81%
Malawi
74%
Cameroon
68%
Chad
67%
Mozambique
67%
Sudan
67%
Zimbabwe
67%
Namibia
65%
Botswana
61%
Ethiopia
51%
No matching quizzes found
Score Distribution
Percent of People with Each Score
Percentile by Number Answered
Your Score History
You have not taken this quiz